| 000 | 01334nam a2200253 a 4500 | ||
|---|---|---|---|
| 003 | OSt | ||
| 005 | 20210802112634.0 | ||
| 008 | 870724s1986 bl ac b i100 0 spa | ||
| 040 |
_aDLC _cCO-JMCR _dDLC |
||
| 082 | 0 | 4 |
_a332.15 / _bS471i _223 |
| 111 | 2 |
_aSeminario Interamericano Conmemorativo de los 25 Años del BID _d(1985 : _cRio de Janeiro, Brazil) _938962 |
|
| 245 | 1 | 0 |
_aInforme del Seminario Interamericano Conmemorativo de los 25 Años del BID / _cBanco Interamericano de Desarrollo, Fundación Getúlio Vargas, Escuela Interamericana de Administración Pública. |
| 250 | _a1a. edición. | ||
| 260 |
_aRio de Janeiro : _bFGV-Instituto de Documentación, Editora da Fundación Getulio Vargas, _c1986. |
||
| 300 |
_a65 páginas : _bilustraciones y retrato en blanco y negro ; _c21 cm. |
||
| 505 | _aResumen ejecutivo del Seminario. -- Conclusiones del seminario. -- Resolución. -- Discurso de inauguración del seminario. | ||
| 610 | 2 |
_aBanco Interamericano de Desarrollo _96750 |
|
| 610 | 2 |
_aFundación Getulio Vargas _938963 |
|
| 610 | 2 |
_aEscuela Interamericana de Administración Pública _938964 |
|
| 710 | 2 |
_aInter-American Development Bank. _ecoautor _938965 |
|
| 710 | 2 |
_aFundación Getúlio Vargas. _ecoautor _938966 |
|
| 710 | 2 |
_aEscola Interamericana de Administración Pública. _ecoautor _938967 |
|
| 942 |
_2ddc _cBK |
||
| 999 |
_c12091 _d12091 |
||